000 00295nam a2200109Ia 4500
008 190912s9999||||xx |||||||||||||| ||und||
100 _aS.Nadeem Shah
245 0 _aExcellent Excel 1 Advanced with basic Control 200 to XP
260 _aKarachi
_bPetiwala Book
_c2001
300 _a405
942 _cBK
999 _c7555
_d7555